| 000 | 01565ngm a2200361 4500 | ||
|---|---|---|---|
| 003 | dpl | ||
| 005 | 20090106143156.0 | ||
| 007 | DVD | ||
| 008 | ||||||sp199 xxu|||||c ||| 00| 0 ng d | ||
| 010 | _aDVD-001907-1909 | ||
| 024 |
_aVHIF 1352R _c34.00 |
||
| 035 | _aDVD-001907-1909 | ||
| 040 |
_aDPL _cDPL |
||
| 082 | _aDVD / WARI | ||
| 245 |
_aWaris _cVasu Films Presents _h[videorecording] DVD/ |
||
| 260 | _bMoserbaer Entertainment | ||
| 300 |
_a2 videodisc VCD; _bsd., col. ; _c4 3/4 in. _fVCD |
||
| 440 | _aMoserbaer Home Entertainment | ||
| 500 | _aMoserbaer India Ltd. has obtained the necessary licence/conssent from the owner of the copyright in the wroks for making this DVD Film. | ||
| 538 | _aDolby Digital 5.1 - Hindi Subtitles: English | ||
| 650 | _aMotion Picture | ||
| 700 | _aRamanna | ||
| 700 | _aBurman, R. D. | ||
| 700 | _aJitendra | ||
| 700 | _aMalini, Hema | ||
| 700 | _aChopra, Prem | ||
| 700 | _aMehmood | ||
| 942 |
_cCF _2ddc _hVCD _mWARI |
||
| 999 |
_c20646 _d20646 |
||